书目信息 |
| 题名: |
二十五史故事
|
|
| 作者: | 任仲才 , 易宗军 编著 | |
| 分册: | 上卷 | |
| 出版信息: | 北京 西苑出版社 2011.03 |
|
| 页数: | 211页 | |
| 开本: | 23cm | |
| 丛书名: | ||
| 单 册: | ||
| 中图分类: | K204.1 | |
| 科图分类: | ||
| 主题词: | ||
| 电子资源: | ||
| ISBN: | 978-7-80210-893-6 | |
| 000 | 00669nam0 2200217 450 | |
| 001 | CAL 012011084247 | |
| 005 | 20111230094758.82 | |
| 010 | @a978-7-80210-893-6@dCNY27.90 | |
| 100 | @a20110823d2011 em y0chiy50 ea | |
| 101 | 0 | @achi |
| 102 | @aCN@b110000 | |
| 105 | @aa z 000yy | |
| 200 | 1 | @a二十五史故事@AEr Shi Wu Shi Gu Shi@h上卷@f任仲才, 易宗军编著 |
| 210 | @a北京@c西苑出版社@d2011.03 | |
| 215 | @a211页@c图@d23cm | |
| 607 | @a中国@AZhong Guo@x古代史@x纪传体@j通俗读物 | |
| 690 | @aK204.1@v4 | |
| 701 | 0 | @a任仲才@ARen Zhong Cai@4编著 |
| 701 | 0 | @a易宗军@AYi Zong Jun@4编著 |
| 801 | 0 | @aCN@bLHYZ@c20111230 |
| 905 | @a郑州市财税学校图书馆@dK204.1@eR580@f2 | |
| 二十五史故事.上卷/任仲才, 易宗军编著.-北京:西苑出版社,2011.03 |
| 211页:图;23cm |
| ISBN 978-7-80210-893-6:CNY27.90 |
| ● |
| 相关链接 |
|
|
|
正题名:二十五史故事
索取号:K204.1/R580
 
预约/预借
| 序号 | 登录号 | 条形码 | 馆藏地/架位号 | 状态 | 备注 |
| 1 | 1187294 | 211872945 | 社科库309/309社科库 106排4列2层/ [索取号:K204.1/R580] | 在馆 | |
| 2 | 1187295 | 211872954 | 社科库309/309社科库 106排4列2层/ [索取号:K204.1/R580] | 在馆 |